| 000 | nam a22 a 4500 | ||
|---|---|---|---|
| 999 |
_c432711 _d432711 |
||
| 003 | BLK | ||
| 005 | 20210924171612.0 | ||
| 008 | 210924b bu |||||r|||| 00| | bu d | ||
| 040 | _aBLK | ||
| 041 |
_aBUL _cBUL |
||
| 080 |
_aСтаробългарски език (ІХ-ХІ в. ). Църковнославянски език (богослужебен ез. на източноправославната църква - руска редакция на старобълг. ез. _b811.163.1 _x(075.8) _z811.163.1(075.8) |
||
| 100 |
_9369262 _aМирчев, Кирил Спиридонов _eпърви автор |
||
| 139 | _aМирчев, Кирил Спиридонов | ||
| 245 |
_aСтаробългарски език _bЗа учителските институти _cКирил Сп. Мирчев |
||
| 250 | _a2. изд | ||
| 260 |
_9216179 _aСофия _bНар. просв. _c1956 |
||
| 300 |
_a160 с. _c20 см |
||
| 380 | _a80 | ||
| 500 | _a1. изд. 1954 | ||
| 650 | 0 |
_9293903 _aСтаробългарски език - учебници за ВУЗ |
|
| 653 | 7 |
_9197318 _aстаробългарски език |
|
| 653 | 7 |
_9199104 _aучебници за ВУЗ |
|
| 852 |
_aЦб 3861 _bЦб |
||
| 942 |
_cKNG _n0 _s1 |
||
| 944 |
_aCR _c2021-09-24 _kВП |
||